000
00315nam a2200121Ia 4500
008
231129s9999||||xx |||||||||||||| ||spa||
020
_a
84-226-1499-4
040
_b
spa
082
_a
R 912 A881un
245
0
_a
Atlas universal
264
_a
Circulo de Lectores
942
_2
ddc
_c
BKS
999
_c
5846
_d
5846